<?xml version="1.0" encoding="UTF-8"?>
<record
    xmlns:xsi="http://www.w3.org/2001/XMLSchema-instance"
    xsi:schemaLocation="http://www.loc.gov/MARC21/slim http://www.loc.gov/standards/marcxml/schema/MARC21slim.xsd"
    xmlns="http://www.loc.gov/MARC21/slim">

  <leader>00399nam a22001457a 4500</leader>
  <controlfield tag="005">20250805162948.0</controlfield>
  <controlfield tag="008">250805b        |||||||| |||| 00| 0 eng d</controlfield>
  <datafield tag="020" ind1=" " ind2=" ">
    <subfield code="a">9780306464782</subfield>
    <subfield code="q">hbk</subfield>
  </datafield>
  <datafield tag="041" ind1=" " ind2=" ">
    <subfield code="a">eng</subfield>
  </datafield>
  <datafield tag="082" ind1=" " ind2=" ">
    <subfield code="a">512.9434</subfield>
    <subfield code="b">FAS</subfield>
  </datafield>
  <datafield tag="100" ind1=" " ind2=" ">
    <subfield code="a"> Heike Fassbender</subfield>
  </datafield>
  <datafield tag="245" ind1=" " ind2=" ">
    <subfield code="a">Symplectic Methods For The Symplectic Eigenproblem</subfield>
    <subfield code="c"> Fassbender  Heike</subfield>
  </datafield>
  <datafield tag="700" ind1=" " ind2=" ">
    <subfield code="a"> Heike Fassbender</subfield>
  </datafield>
  <datafield tag="942" ind1=" " ind2=" ">
    <subfield code="c">REF</subfield>
  </datafield>
  <datafield tag="999" ind1=" " ind2=" ">
    <subfield code="c">578667</subfield>
    <subfield code="d">578667</subfield>
  </datafield>
  <datafield tag="952" ind1=" " ind2=" ">
    <subfield code="0">0</subfield>
    <subfield code="1">0</subfield>
    <subfield code="4">0</subfield>
    <subfield code="7">0</subfield>
    <subfield code="a">ACL</subfield>
    <subfield code="b">ACL</subfield>
    <subfield code="c">5A</subfield>
    <subfield code="d">2010-09-27</subfield>
    <subfield code="l">0</subfield>
    <subfield code="o">512.9434 FAS</subfield>
    <subfield code="p">209001</subfield>
    <subfield code="r">2025-08-05 16:30:34</subfield>
    <subfield code="w">2025-08-05</subfield>
    <subfield code="y">REF</subfield>
  </datafield>
</record>
